000 00561cab a2200241 4500
001 X604
008 090401t1993 xxu||||| |||| 00| 0 eng d
035 _a(Sirsi) u66506
041 _aeng
245 _aTaxing of a 25 year lease
260 _c1993
350 _a0
490 _aCSW - The Property Week
_v43(4) 22 April 1993, 55(1)
650 _a25 YEAR LEASES
650 _aCAPITAL ALLOWANCES
650 _aCLEAR LEASES
650 _aEXPENDITURE
650 _aLEASES
650 _aTAX
690 _aTAXATION
942 _n0
948 _c04/03/1997
999 _c41548
_d41548